000 00432nam a2200181Ia 4500
001 7388
005 20260306160451.0
008 260306t1999||||xx |||||||||||||| ||spa||
041 _aESP
082 _a338.9
_bH36
100 _aHeilbroner, Robert
_eAUT
245 0 _aLa evolución de la sociedad económica
260 _c1999
300 _a190 páginas :
_c24 cm.
650 _aGEN
654 _aCAN
942 _cLIB
_dJUS
_fJUS
_2ddc
_n
999 _c7388
_d7388